Možnosti prípravy a aplikácie kyseliny N-acetylneuramínovej bakalárska práca

Guardado en:
Detalles Bibliográficos
Autor principal: Škamorová, Mária
Formato: Libro
Lenguaje:eslovaco
Publicado: Bratislava STU FCHPT 2013
Acceso en línea:Ver en el OPAC
Etiquetas: Agregar Etiqueta
Sin Etiquetas, Sea el primero en etiquetar este registro!

MARC

LEADER 00000nam a2200000 a 4500
005 20260127134229.0
008 130911 2013 000 0 slo d
035 |a vtls010542612 
039 9 |a 201309111428  |b mschk03  |y 201309111428  |z mschk03 
040 |a STUSCHK1  |b slo  |c STUSCHK1  |e AACR2 
100 1 |a Škamorová, Mária 
245 1 |a Možnosti prípravy a aplikácie kyseliny N-acetylneuramínovej  |b bakalárska práca  |c Mária Škamorová 
260 |a Bratislava  |b STU FCHPT  |c 2013 
300 |a 36 s.  |b il.  |c 30 cm 
500 |a Obhájené: 10.07.2013 
500 |a Štud. program: Biotechnológia 
500 |a Štud. odbor: Biotechnológie 
500 |a Škol. pracovisko: Odd. biochemickej technológie 
500 |a Evid. číslo: FCHPT-13567-44022 
910 |a SCHK95 
999 |c 7289  |d 7289